01244nam a22003135i 4500003000900000005001700009008004100026020001800067020001500085040004300100082002300143100003900166245013700205250002100342264006500363300004500428336002600473337002800499338002700527500003500554504004100589650004500630650003600675653001700711655001700728942001200745999001700757952015600774EG-ScBUE20260318091428.0161123r20092006ii a f b 000 0 eng d a9788123912899 a8123912897 aEG-ScBUEbengerdacEG-ScBUEdEG-ScBUE04a581.63403bSAM2221 aSammbamurty, A. V. S. S.,eauthor.10aDictionary of medicinal plants /cA. V. S. S. Sammbamurty, reader, Department of Botany, Sri Venkateswara College, New Delhi-110021. aReprint edition. 1aNew Delhi :bCBS Publishers & Distributors PVT. LTD.,c2009. axxi, 337 pages :billustrations ;c24 cm 2rdacontentatextbtxt aunmediated2rdamediabn avolumebnc2rdacarrier aReprinted of the 2006 edition. aIncludes bibliographical references. 7939011aMateria medica, Vegetable.2BUEsh 7aMedicinal plants.9356782BUEsh cNovember2016 vReading book 2ddccBB c23304d23276 00102ddc40708BaccahaMAINbMAINc1STd2016-11-23ePurchaseg585.00h25138l2o581.63403 SAMp000040007r2025-12-16 00:00:00s2025-12-14v731.25yBB